00908nam a2200241 a 450000100100000000500170001000800410002702000150006804000250008308200170010824500910012526000480021630000180026450000370028270000350031970000370035470000260039173000270041774000530044491000370049795201150053499900170064900003547920200930074355.0111101s1991 xxu 000 0 spa d a0898794633 aDO-SdBNPbspacBNPHU a808.31bH23600aHandbook of short story writing /cEdited Jean M. Fredette ; introduction John Updike. aCincinnati, Ohio :bWriter's Digest,c1991. a2v. ;c24 cm. aLa biblioteca posee el volumen 212aFredette, Jean M.,eed.96134912aDickson, Frank A.,d1911-96135012aSmythe, Sandra96135102aWriter's digest9613521 aWriter's digest handbook of short story writing. aValidado. Control de calidad MFF 001050718MOaGRbGRcHDd2011-11-01iLF1l0o808.31 H236p35479-10r2020-06-25w2020-06-25y1ZNo se presta c34970d34970